| 000 | 00000cam 2200000zi 4500 |
| 001 | 9.962740 |
| 003 | CaOODSP |
| 005 | 20260513085140 |
| 006 | m o d f |
| 007 | cr mn||||||||| |
| 008 | 260513s1984 onc ob f000 0 eng d |
| 040 | |aCaOODSP|beng|erda|cCaOODSP |
| 043 | |an-cn--- |
| 086 | 1 |aJS4-1/1984-18E-PDF |
| 100 | 1 |aMeredith, Colin, |eauthor. |
| 245 | 10|aOverview and annotated bibliography of the needs of crime victims / |cColin Meredith, Abt Associates of Canada. |
| 264 | 1|aOttawa, Ontario : |bMinistry of the Solicitor General of Canada, Secretariat, Programs Branch, |c1984. |
| 300 | |a1 online resource (138 pages). |
| 336 | |atext|btxt|2rdacontent |
| 337 | |acomputer|bc|2rdamedia |
| 338 | |aonline resource|bcr|2rdacarrier |
| 490 | 1 |aPrograms Branch user report ; |vno. 1984-18 |
| 500 | |aDigitized edition from print [produced by Public Safety Canada]. |
| 500 | |aIssued also in French under title: Compte rendu sommaire et bibliographie annotée sur les besoins des victimes d'actes criminels. |
| 500 | |a"This working paper was prepared under contract for the Research Division and is made available as submitted to the Ministry. The views expressed are those of the author and are not necessarily those of the Ministry of the Solicitor General of Canada." |
| 504 | |aIncludes bibliographical references (pages 21-138). |
| 520 | 3 |a"An extensive amount of literature on various issues relating to crime victims has become available over the past few years. This report consists of an overview and annotated bibliography of the literature which relates specifically to the needs of victims. Particular emphasis is placed on Canadian literature which addresses the needs of victims of wife abuse, child abuse/incest, and sexual assault, and on the elderly, natives, and rural residents as crime victims. Key references from other countries have also been included where the availability of Canadian literature was limited"--Abstract. |
| 650 | 0|aVictims of crimes|zCanada|vBibliography. |
| 650 | 0|aVictims of crimes surveys|zCanada|vBibliography. |
| 655 | 7|aAnnotated bibliographies|2lcgft |
| 710 | 1 |aCanada. |bSolicitor General Canada. |bPrograms Branch, |eissuing body. |
| 710 | 2 |aAbt Associates of Canada, |econsultant. |
| 775 | 08|tCompte rendu sommaire et bibliographie annotée sur les besoins des victimes d'actes criminels / |w(CaOODSP)9.962741 |
| 830 | #0|aUser report (Canada. Solicitor General Canada)|vno. 1984-18.|w(CaOODSP)9.808480 |
| 856 | 40|qPDF|s2.07 MB|uhttps://publications.gc.ca/collections/collection_2026/sp-ps/js4-1/JS4-1-1984-18-eng.pdf |